Catálogo
 En Linea

La China del siglo XX : (Registro nro. 20789)

Detalles MARC
000 -CABECERA
campo de control de longitud fija 01101nam a2200289 a 4500
001 - NÚMERO DE CONTROL
campo de control 000021289
005 - FECHA Y HORA DE LA ÚLTIMA TRANSACCIÓN
campo de control 20200930011304.0
008 - DATOS DE LONGITUD FIJA--INFORMACIÓN GENERAL
campo de control de longitud fija 100903s1967 sp r 000 0 spa d
040 ## - FUENTE DE LA CATALOGACIÓN
Centro catalogador/agencia de origen DO-SdBNP
Lengua de catalogación spa
Centro/agencia transcriptor BNPHU
082 ## - NÚMERO DE LA CLASIFICACIÓN DECIMAL DEWEY
Número de clasificación 951.05
Número de documento/Ítem D813c
100 1# - ENTRADA PRINCIPAL--NOMBRE DE PERSONA
Nombre de persona Dubarbier, Georges
Fechas asociadas al nombre 1920-
9 (RLIN) 44485
240 13 - TÍTULO UNIFORME
Título uniforme La chine du xx siècle.
Lenguaje de la obra Español
245 13 - MENCIÓN DE TÍTULO
Título La China del siglo XX :
Resto del título del imperio Manchú a la revolución cultural /
Mención de responsabilidad, etc. Georges Dubarbier; traducción de Valentina Fernández Vargas.
260 ## - PUBLICACIÓN, DISTRIBUCIÓN, ETC.
Lugar de publicación, distribución, etc. Madrid :
Nombre del editor, distribuidor, etc. Alianza Editorial,
Fecha de publicación, distribución, etc. 1967.
300 ## - DESCRIPCIÓN FÍSICA
Extensión 248 p. ;
Dimensiones 18 cm.
490 1# - MENCIÓN DE SERIE
Mención de serie Libro de Bolsillo;
Designación de volumen o secuencia 84
490 1# - MENCIÓN DE SERIE
Mención de serie Sección Humanidades
500 ## - NOTA GENERAL
Nota general Incluye lista de obras de la colección
534 ## - NOTA SOBRE LA VERSIÓN ORIGINAL
Encabezamiento principal del original Título original :
651 #4 - PUNTO DE ACCESO ADICIONAL DE MATERIA--NOMBRE GEOGRÁFICO
Nombre geográfico China
Subdivisión general Historia
Subdivisión cronológica SIGLO XX
9 (RLIN) 44486
651 #4 - PUNTO DE ACCESO ADICIONAL DE MATERIA--NOMBRE GEOGRÁFICO
Nombre geográfico China
Subdivisión general Historia
Subdivisión cronológica 1900
9 (RLIN) 44487
651 #4 - PUNTO DE ACCESO ADICIONAL DE MATERIA--NOMBRE GEOGRÁFICO
Nombre geográfico China
Subdivisión general Historia
9 (RLIN) 2364
651 #4 - PUNTO DE ACCESO ADICIONAL DE MATERIA--NOMBRE GEOGRÁFICO
Nombre geográfico China
Subdivisión general Condiciones Sociales
9 (RLIN) 44488
651 #4 - PUNTO DE ACCESO ADICIONAL DE MATERIA--NOMBRE GEOGRÁFICO
Nombre geográfico China
Subdivisión general Política Y Gobierno
Subdivisión cronológica SIGLO XX
9 (RLIN) 44489
700 1# - PUNTO DE ACCESO ADICIONAL--NOMBRE DE PERSONA
Nombre de persona Fernández Vargas, Valentina
Término indicativo de función/relación traductor
9 (RLIN) 44490
830 #0 - PUNTO DE ACCESO ADICIONAL DE SERIE-TÍTULO UNIFORME
Título uniforme Libro de Bolsillo,
Nombre de parte o sección de la obra Sección Humanidades
9 (RLIN) 27879
Existencias
Estado de retiro Estado de pérdida Restricciones de uso No para préstamo Código de colección Localización permanente Ubicación/localización actual Ubicación en estantería Fecha de adquisición Número de inventario Total de préstamos Signatura topográfica completa Código de barras Fecha visto por última vez Precio válido a partir de Tipo de ítem Koha Número de copia
      Excluido de préstamo Monografías: Libros y Folletos General General Depósito 03.09.2010 LF1   951.05 D813c 21289-10 25.06.2020 25.06.2020 No se presta  
  Extraviado   Excluido de préstamo Monografías: Libros y Folletos General General Extraviado 26.05.2017 LF1   951.05 D813c 21289-20 25.06.2020 25.06.2020 No se presta e. 2

Con tecnología Koha